000 00602nam a2200217 a 4500
001 0001-2152
003 ELIB.Books
008 190725 2010 eng
020 _a083411075X
092 _aD
_bTru
100 _aTruesdale, Albert.
245 _aA Dictionary of the Bible and Christian Doctrine in Everyday English
260 _aKansas City
_bBeacon Hill Press
_c1986
300 _a339
_c20.5cm
650 _aDictionary-Reference
856 _nKBTS Library
_uKBTS Elib
942 _2ddc
_cBK
990 _a1
998 _aEnglishbooks.elf
_ccat
_e2019-07-25
999 _c12152
_d12152